000 00431nam a2200193Ia 4500
003 OSt
005 20251121162657.0
008 250729s1961 xx 000 0 und d
020 _a9780316352260
040 _cAL
041 _aeng
082 _a150 HAYH
100 _aHaynes Rence
_9224715
245 _aThe hidden springs
260 _aLondon
_c1961
300 _a264p
650 _aPsychology
_9224716
942 _2ddc
_cBED
999 _c236550
_d236550